Welcome to the Holygrace Academy Library

Please use search bar below to get started

ELLAM ORMMAKAL (Record no. 4672)

MARC details
000 -LEADER
fixed length control field 00308nam a22001457a 4500
020 ## - INTERNATIONAL STANDARD BOOK NUMBER
ISBN 81-240-0800-0
082 ## - DEWEY DECIMAL CLASSIFICATION NUMBER
Classification number 894.812.3
Item number ANU/E
100 ## - MAIN ENTRY--AUTHOR NAME
Personal name ANURADHA
245 ## - TITLE STATEMENT
Title ELLAM ORMMAKAL
Remainder of title STORY
260 ## - PUBLICATION, DISTRIBUTION, ETC. (IMPRINT)
Place of publication KOTTAYAM
Name of publisher CURRENT BOOKS
Year of publication 1999
300 ## - PHYSICAL DESCRIPTION
Number of Pages 115
520 ## - SUMMARY, ETC.
Summary, etc NOVEL
650 ## - SUBJECT ADDED ENTRY--TOPICAL TERM
Topical Term NOVEL
942 ## - ADDED ENTRY ELEMENTS (KOHA)
Koha item type Books

No items available.